[Event "Skakligaen 2023-24"]
[Site "Denmark"]
[Date "2024.04.07"]
[Round "9.7"]
[Board "7"]
[White "Jakobsen, Peter"]
[Black "Akdag, Dara Sevkan"]
[Result "1-0"]
[WhiteElo "2195"]
[BlackElo "2176"]
[PlyCount "93"]
[WhiteTeam "Nordkalotten"]
[BlackTeam "BMS"]
[WhiteTeamCountry "DEN"]
[BlackTeamCountry "DEN"]
[EventDate "2023.10.28"]
[EventType "team-tourn"]
[EventRounds "9"]
[EventCountry "DEN"]
[SourceTitle "Live v. Kasper Jerwiarz"]
[Table "7"]

1. Nf3 Nf6 2. c4 g6 3. Nc3 Bg7 4. e4 d6 5. d4 O-O 
6. Be2 c5 7. O-O Nc6 8. d5 Na5 9. Re1 a6 10. h3 Rb8 
11. Bf1 Nd7 12. a4 Re8 13. Bf4 Qb6 14. Rb1 Qb4 15. Nd2 Nb6 
16. Qc2 Bd7 17. Na2 Qxa4 18. b3 Qa3 19. Nf3 Nbxc4 20. bxc4 Ba4 
21. Qd2 Bb3 22. Nc1 Bxc4 23. Bxc4 Nxc4 24. Qc2 b5 25. e5 Qa5 
26. Qd1 Qc7 27. Nd3 Qb7 28. Nb2 Nxe5 29. Nxe5 dxe5 30. Bxe5 Bxe5 
31. Rxe5 Qc7 32. Qe2 c4 33. Re1 Rb7 34. h4 a5 35. h5 a4 
36. hxg6 hxg6 37. Qg4 Rb6 38. Re6 Qc8 39. Qd4 Rxe6 40. dxe6 f6 
41. Qc3 Qa8 42. Qa3 Qc6 43. Nd1 Qc7 44. Nc3 Rb8 45. Nd5 Qb7 
46. Nxe7+ Kg7 47. Qg3 1-0

[Event "Skakligaen 2023-24"]
[Site "Denmark"]
[Date "2024.04.07"]
[Round "9.1"]
[Board "1"]
[White "Thybo, Jesper Sondergaard"]
[Black "Ramsdal, Jens Albert"]
[Result "1-0"]
[WhiteElo "2544"]
[BlackElo "2376"]
[PlyCount "81"]
[WhiteTeam "Hillerod"]
[BlackTeam "SK1968"]
[WhiteTeamCountry "DEN"]
[BlackTeamCountry "DEN"]
[EventDate "2023.10.28"]
[EventType "team-tourn"]
[EventRounds "9"]
[EventCountry "DEN"]
[SourceTitle "Live v. Kasper Jerwiarz"]
[Table "1"]

1. d4 d5 2. c4 c6 3. cxd5 cxd5 4. Bg5 Nf6 5. Bxf6 gxf6 
6. Nc3 Nc6 7. e3 Bf5 8. Qb3 Qd7 9. Qxd5 Qxd5 10. Nxd5 O-O-O 
11. Nc3 e6 12. Nf3 Bb4 13. O-O-O e5 14. Bd3 Bg4 15. dxe5 fxe5 
16. Be4 Rxd1+ 17. Rxd1 f5 18. Bxc6 bxc6 19. Rg1 Bd6 20. h3 Bh5 
21. g4 fxg4 22. hxg4 Bf7 23. Nh4 Kc7 24. a3 Rg8 25. Nf5 Bf8 
26. Rh1 Bg6 27. Ne4 Bg7 28. f3 Bf8 29. Nf6 Rh8 30. e4 Bc5 
31. b4 Bb6 32. Kc2 a5 33. Ne7 Rf8 34. Nxg6 hxg6 35. Rh7+ Kd6 
36. Nd7 Rxf3 37. Nxb6 axb4 38. axb4 Rf4 39. Na4 Rxe4 40. Rd7+ Kxd7 
41. Nc5+ 1-0

[Event "Skakligaen 2023-24"]
[Site "Denmark"]
[Date "2024.04.07"]
[Round "9.2"]
[Board "2"]
[White "Thogersen, Rasmus"]
[Black "Hansen, Sune Berg"]
[Result "0-1"]
[WhiteElo "2312"]
[BlackElo "2508"]
[PlyCount "112"]
[WhiteTeam "SK1968"]
[BlackTeam "Hillerod"]
[WhiteTeamCountry "DEN"]
[BlackTeamCountry "DEN"]
[EventDate "2023.10.28"]
[EventType "team-tourn"]
[EventRounds "9"]
[EventCountry "DEN"]
[SourceTitle "Live v. Kasper Jerwiarz"]
[Table "2"]

1. e4 e5 2. Nf3 Nc6 3. Bb5 a6 4. Ba4 d6 5. O-O Bd7 
6. c3 Nge7 7. d4 Ng6 8. Bc2 Be7 9. a4 a5 10. d5 Nb8 
11. b4 O-O 12. Be3 Qc8 13. Nbd2 f5 14. exf5 Bxf5 15. Bxf5 Qxf5 
16. Qb1 Nf4 17. c4 axb4 18. Qxb4 Na6 19. Qb1 Nd3 20. Ra3 Nac5 
21. Ne1 Nxe1 22. Qxf5 Rxf5 23. Rxe1 Bg5 24. Bxg5 Rxg5 25. Ne4 Nxe4 
26. Rxe4 Ra5 27. f3 Rf5 28. Re2 Rf4 29. Rc2 Rc5 30. Rac3 Rd4 
31. Kf2 Rd1 32. Rb3 Ra1 33. Rb5 Rxa4 34. Rxc5 dxc5 35. Ke3 Kf7 
36. Kd3 Ke7 37. Rb2 b6 38. h4 Kd6 39. h5 Ra3+ 40. Kd2 Ra1 
41. Kd3 Rd1+ 42. Kc3 Rh1 43. Ra2 Rxh5 44. Ra8 Rh2 45. Re8 Rxg2 
46. Re6+ Kd7 47. Rxe5 Rg6 48. Kd3 Rf6 49. Ke4 h6 50. f4 c6 
51. dxc6+ Rxc6 52. Rh5 Rd6 53. Rh1 Ke6 54. Rb1 Rd4+ 55. Ke3 Kf5 
56. Rxb6 Rxc4 0-1

[Event "Skakligaen 2023-24"]
[Site "Denmark"]
[Date "2024.04.07"]
[Round "9.3"]
[Board "3"]
[White "Schandorff, Lars"]
[Black "Matthiesen, Arne"]
[Result "1/2-1/2"]
[WhiteElo "2475"]
[BlackElo "2315"]
[PlyCount "35"]
[WhiteTeam "Hillerod"]
[BlackTeam "SK1968"]
[WhiteTeamCountry "DEN"]
[BlackTeamCountry "DEN"]
[EventDate "2023.10.28"]
[EventType "team-tourn"]
[EventRounds "9"]
[EventCountry "DEN"]
[SourceTitle "Live v. Kasper Jerwiarz"]
[Table "3"]

1. d4 d5 2. Nf3 Nf6 3. c4 e6 4. Nc3 c6 5. e3 Nbd7 
6. Qc2 Bd6 7. b3 O-O 8. Be2 b6 9. O-O Bb7 10. Bb2 Qe7 
11. Rfe1 Rad8 12. Rad1 Bb4 13. a3 Bxa3 14. Bxa3 Qxa3 15. Ra1 Qd6 
16. Rxa7 Qb8 17. Rea1 c5 18. cxd5 1/2-1/2

[Event "Skakligaen 2023-24"]
[Site "Denmark"]
[Date "2024.04.07"]
[Round "9.4"]
[Board "4"]
[White "Matthiesen, Martin"]
[Black "Percivaldi, Martin"]
[Result "1/2-1/2"]
[WhiteElo "2299"]
[BlackElo "2395"]
[PlyCount "28"]
[WhiteTeam "SK1968"]
[BlackTeam "Hillerod"]
[WhiteTeamCountry "DEN"]
[BlackTeamCountry "DEN"]
[EventDate "2023.10.28"]
[EventType "team-tourn"]
[EventRounds "9"]
[EventCountry "DEN"]
[SourceTitle "Live v. Kasper Jerwiarz"]
[Table "4"]

1. Nf3 e6 2. g3 b5 3. Bg2 Bb7 4. O-O Nf6 5. d4 Be7 
6. Bg5 d5 7. Nbd2 Nbd7 8. c3 c5 9. a4 b4 10. cxb4 cxb4 
11. Rc1 O-O 12. Nb3 Rc8 13. Rxc8 Qxc8 14. Ne5 Bd6 1/2-1/2

[Event "Skakligaen 2023-24"]
[Site "Denmark"]
[Date "2024.04.07"]
[Round "9.5"]
[Board "5"]
[White "Storme, Isak"]
[Black "Hansen, Lars"]
[Result "1-0"]
[WhiteElo "2443"]
[BlackElo "2202"]
[PlyCount "85"]
[WhiteTeam "Hillerod"]
[BlackTeam "SK1968"]
[WhiteTeamCountry "DEN"]
[BlackTeamCountry "DEN"]
[EventDate "2023.10.28"]
[EventType "team-tourn"]
[EventRounds "9"]
[EventCountry "DEN"]
[SourceTitle "Live v. Kasper Jerwiarz"]
[Table "5"]

1. e4 e6 2. d4 d5 3. Nc3 Bb4 4. e5 c5 5. a3 Bxc3+ 
6. bxc3 Ne7 7. h4 Qc7 8. Nf3 b6 9. h5 h6 10. Bb5+ Bd7 
11. Bd3 Ba4 12. Bf4 Nbc6 13. O-O c4 14. Be2 O-O-O 15. Qd2 Rdg8 
16. Nh4 g5 17. hxg6 fxg6 18. Bxh6 Nf5 19. Nxf5 gxf5 20. Bg5 Qh7 
21. f4 Qh2+ 22. Kf2 Rxg5 23. fxg5 Qh4+ 24. g3 Qh2+ 25. Ke1 Qxg3+ 
26. Kd1 Rh2 27. Rb1 Qg2 28. Re1 Rh1 29. Kc1 Rxe1+ 30. Qxe1 Qxg5+ 
31. Qd2 Qg2 32. Kb2 Ne7 33. Rf1 Be8 34. Qe3 Kd7 35. Rg1 Qh2 
36. Rg7 f4 37. Qg1 Qh6 38. Rg2 Nf5 39. Rh2 Qf8 40. Qg5 Ng3 
41. Rh7+ Kc8 42. Bg4 Bd7 43. Qf6 1-0

[Event "Skakligaen 2023-24"]
[Site "Denmark"]
[Date "2024.04.07"]
[Round "9.6"]
[Board "6"]
[White "Rewitz, Poul"]
[Black "Borge, Nikolaj"]
[Result "0-1"]
[WhiteElo "2254"]
[BlackElo "2382"]
[PlyCount "94"]
[WhiteTeam "SK1968"]
[BlackTeam "Hillerod"]
[WhiteTeamCountry "DEN"]
[BlackTeamCountry "DEN"]
[EventDate "2023.10.28"]
[EventType "team-tourn"]
[EventRounds "9"]
[EventCountry "DEN"]
[SourceTitle "Live v. Kasper Jerwiarz"]
[Table "6"]

1. d4 Nf6 2. Nf3 e6 3. Nbd2 c5 4. e3 b6 5. Bd3 Bb7 
6. O-O Nc6 7. c3 Qc7 8. e4 cxd4 9. Nxd4 Ne5 10. Bc2 Ba6 
11. Re1 Neg4 12. N2f3 Bd6 13. g3 h5 14. e5 Nxe5 15. Nf5 exf5 
16. Bf4 O-O 17. Nxe5 Rae8 18. Qd4 Ne4 19. Nxd7 Bxf4 20. Nxf8 Bd6 
21. Qa4 Qc8 22. Nd7 Re6 23. Rad1 b5 24. Qd4 Qxd7 25. Bxe4 fxe4 
26. Rxe4 Rxe4 27. Qxe4 Qc7 28. Rd5 Qc6 29. f3 g6 30. Kg2 Bf8 
31. Rd8 Qxe4 32. fxe4 Bb7 33. Kf3 f5 34. Kf4 Bxe4 35. Rd7 Bh6+ 
36. Ke5 Bg7+ 37. Kd6 a5 38. Kc5 b4 39. cxb4 Bf8+ 40. Kc4 axb4 
41. Kb3 f4 42. gxf4 Bf5 43. Rb7 Be6+ 44. Kc2 Bd6 45. h4 Kf8 
46. Rb6 Ke7 47. Rb7+ Kd8 0-1

[Event "Skakligaen 2023-24"]
[Site "Denmark"]
[Date "2024.04.07"]
[Round "9.7"]
[Board "7"]
[White "Ostergaard, Jens"]
[Black "Moller, Morten Kock"]
[Result "1/2-1/2"]
[WhiteElo "2261"]
[BlackElo "2241"]
[PlyCount "57"]
[WhiteTeam "Hillerod"]
[BlackTeam "SK1968"]
[WhiteTeamCountry "DEN"]
[BlackTeamCountry "DEN"]
[EventDate "2023.10.28"]
[EventType "team-tourn"]
[EventRounds "9"]
[EventCountry "DEN"]
[SourceTitle "Live v. Kasper Jerwiarz"]
[Table "7"]

1. d4 e6 2. c4 f5 3. Nf3 Nf6 4. g3 Be7 5. Bg2 O-O 
6. O-O d6 7. Nc3 Ne4 8. Qc2 Nxc3 9. Qxc3 a5 10. Qc2 Nc6 
11. d5 Nb4 12. Qd2 e5 13. a3 Na6 14. Qxa5 Bd7 15. Qd2 Nc5 
16. Ra2 Nb3 17. Qc3 Ba4 18. Be3 Bf6 19. Nd2 e4 20. Qb4 Nd4 
21. Bxd4 Bxd4 22. e3 Bb6 23. Qc3 c5 24. b4 Bd7 25. Rb2 Qc8 
26. Rfb1 Bd8 27. Ra2 Bf6 28. Qc2 b6 29. b5 1/2-1/2

[Event "Skakligaen 2023-24"]
[Site "Denmark"]
[Date "2024.04.07"]
[Round "9.8"]
[Board "8"]
[White "Alkaersig, Ole"]
[Black "Jaksland, Tim"]
[Result "1/2-1/2"]
[WhiteElo "2170"]
[BlackElo "2083"]
[PlyCount "75"]
[WhiteTeam "SK1968"]
[BlackTeam "Hillerod"]
[WhiteTeamCountry "DEN"]
[BlackTeamCountry "DEN"]
[EventDate "2023.10.28"]
[EventType "team-tourn"]
[EventRounds "9"]
[EventCountry "DEN"]
[SourceTitle "Live v. Kasper Jerwiarz"]
[Table "8"]

1. e4 e5 2. Nf3 Nc6 3. Bb5 a6 4. Ba4 Nf6 5. d3 d6 
6. c3 Bd7 7. O-O g6 8. Re1 Bg7 9. d4 O-O 10. d5 Ne7 
11. Bxd7 Nxd7 12. c4 h6 13. Nc3 Kh7 14. Bd2 f5 15. Qc2 Nf6 
16. b4 Qd7 17. Rac1 Rac8 18. Red1 Kh8 19. Ne1 c6 20. Be3 cxd5 
21. Nxd5 Nexd5 22. exd5 Kh7 23. Qb3 Ng4 24. Bb6 e4 25. Bd4 Bxd4 
26. Rxd4 Qg7 27. Rdd1 Qe5 28. Qg3 Rfd8 29. Qxe5 Nxe5 30. c5 Kg7 
31. f4 exf3 32. Nxf3 Kf6 33. Nxe5 Kxe5 34. c6 bxc6 35. dxc6 Rc7 
36. Re1+ Kd5 37. Red1+ Ke5 38. Re1+ 1/2-1/2

[Event "Skakligaen 2023-24"]
[Site "Denmark"]
[Date "2024.04.07"]
[Round "9.1"]
[Board "1"]
[White "Rasmussen, Allan Stig"]
[Black "Bjerre, Jonas Buhl"]
[Result "0-1"]
[WhiteElo "2509"]
[BlackElo "2646"]
[PlyCount "46"]
[WhiteTeam "Frem"]
[BlackTeam "Skanderborg"]
[WhiteTeamCountry "DEN"]
[BlackTeamCountry "DEN"]
[EventDate "2023.10.28"]
[EventType "team-tourn"]
[EventRounds "9"]
[EventCountry "DEN"]
[SourceTitle "Live v. Kasper Jerwiarz"]
[Table "1"]

1. d4 Nf6 2. Nf3 d5 3. c4 e6 4. e3 Nbd7 5. b3 c5 
6. cxd5 Nxd5 7. Bb2 cxd4 8. Qxd4 Nb4 9. Qc3 Nc5 10. Ne5 Bd7 
11. Qxb4 Nd3+ 12. Nxd3 Bxb4+ 13. Nxb4 Qa5 14. Bc3 Rc8 15. Nc6 Qd5 
16. Nd4 e5 17. Ne2 O-O 18. Bd2 Rc2 19. Nec3 Qd6 20. Kd1 Bf5 
21. Bc4 Rd8 22. Bd5 Qc5 23. e4 Rxd2+ 0-1

[Event "Skakligaen 2023-24"]
[Site "Denmark"]
[Date "2024.04.07"]
[Round "9.2"]
[Board "2"]
[White "Svane, Frederik"]
[Black "Hansen, Mads"]
[Result "1-0"]
[WhiteElo "2627"]
[BlackElo "2399"]
[PlyCount "39"]
[WhiteTeam "Skanderborg"]
[BlackTeam "Frem"]
[WhiteTeamCountry "DEN"]
[BlackTeamCountry "DEN"]
[EventDate "2023.10.28"]
[EventType "team-tourn"]
[EventRounds "9"]
[EventCountry "DEN"]
[SourceTitle "Live v. Kasper Jerwiarz"]
[Table "2"]

1. e4 c5 2. Nf3 Nc6 3. Bb5 e6 4. Bxc6 bxc6 5. d3 Ne7 
6. Nbd2 f6 7. Nh4 e5 8. f4 exf4 9. e5 g6 10. exf6 Nd5 
11. Qe2+ Kf7 12. Ne4 Nxf6 13. O-O Kg8 14. Nxf6+ Qxf6 15. Rxf4 Qd8 
16. Bd2 Bg7 17. Raf1 d5 18. Rf7 Bd7 19. Rxg7+ Kxg7 20. Qe5+ 1-0

[Event "Skakligaen 2023-24"]
[Site "Denmark"]
[Date "2024.04.07"]
[Round "9.3"]
[Board "3"]
[White "Dyrgaard, Kristoffer"]
[Black "Andersen, Mads"]
[Result "1/2-1/2"]
[WhiteElo "2253"]
[BlackElo "2598"]
[PlyCount "72"]
[WhiteTeam "Frem"]
[BlackTeam "Skanderborg"]
[WhiteTeamCountry "DEN"]
[BlackTeamCountry "DEN"]
[EventDate "2023.10.28"]
[EventType "team-tourn"]
[EventRounds "9"]
[EventCountry "DEN"]
[SourceTitle "Live v. Kasper Jerwiarz"]
[Table "3"]

1. e4 e5 2. Nf3 Nc6 3. Bc4 Bc5 4. c3 Nf6 5. d4 exd4 
6. e5 d5 7. Bb5 Ne4 8. cxd4 Bb6 9. Nc3 O-O 10. Be3 Bg4 
11. h3 Bh5 12. Qc2 Ba5 13. O-O Bxf3 14. gxf3 Ng5 15. Kg2 Bxc3 
16. bxc3 Ne6 17. f4 f5 18. Qe2 Qh4 19. Qf3 Ne7 20. Bd7 Qh6 
21. c4 Rad8 22. Bxe6+ Qxe6 23. Rab1 b6 24. cxd5 Qxd5 25. Rfc1 c6 
26. Rb3 Kf7 27. Ra3 Qxf3+ 28. Kxf3 Rd7 29. Rc4 Rc8 30. Bc1 Ke6 
31. Ra6 b5 32. Rc5 Rb8 33. Be3 Rb6 34. d5+ cxd5 35. Rxb6+ axb6 
36. Rxb5 Nc8 1/2-1/2

[Event "Skakligaen 2023-24"]
[Site "Denmark"]
[Date "2024.04.07"]
[Round "9.4"]
[Board "4"]
[White "Olsen, Filip Boe"]
[Black "Ostergreen Johansen, Torben"]
[Result "1-0"]
[WhiteElo "2440"]
[BlackElo "2144"]
[PlyCount "95"]
[WhiteTeam "Skanderborg"]
[BlackTeam "Frem"]
[WhiteTeamCountry "DEN"]
[BlackTeamCountry "DEN"]
[EventDate "2023.10.28"]
[EventType "team-tourn"]
[EventRounds "9"]
[EventCountry "DEN"]
[SourceTitle "Live v. Kasper Jerwiarz"]
[Table "4"]

1. c4 e6 2. Nc3 d5 3. d4 c5 4. cxd5 exd5 5. Nf3 Nc6 
6. dxc5 d4 7. Na4 Bxc5 8. Nxc5 Qa5+ 9. Bd2 Qxc5 10. Rc1 Qb6 
11. e3 Nf6 12. Bc4 O-O 13. O-O Bg4 14. exd4 Nxd4 15. Be3 Bxf3 
16. Qxd4 Qxd4 17. Bxd4 Bd5 18. Bxd5 Nxd5 19. Rfd1 Rfd8 20. g3 b6 
21. Rd2 Rd7 22. Rdc2 f6 23. Rc8+ Rxc8 24. Rxc8+ Kf7 25. Rc4 Rc7 
26. Ra4 h5 27. h4 Ke6 28. Kg2 Kd6 29. Kf3 g6 30. Ke4 Ke6 
31. Ra3 f5+ 32. Kf3 Kd6 33. Ra6 Nb4 34. Ra4 Nd5 35. Ra3 Re7 
36. Rd3 Ke6 37. Be3 Nxe3 38. Rxe3+ Kf6 39. Rxe7 Kxe7 40. Kf4 Kf6 
41. b3 Ke6 42. Kg5 Kf7 43. Kh6 Kf6 44. f4 a6 45. a3 b5 
46. b4 Kf7 47. Kh7 Kf6 48. Kg8 1-0

[Event "Skakligaen 2023-24"]
[Site "Denmark"]
[Date "2024.04.07"]
[Round "9.5"]
[Board "5"]
[White "Le Besq, Alexander"]
[Black "Pajeken, Jakob Leon"]
[Result "1/2-1/2"]
[WhiteElo "2198"]
[BlackElo "2423"]
[PlyCount "87"]
[WhiteTeam "Frem"]
[BlackTeam "Skanderborg"]
[WhiteTeamCountry "DEN"]
[BlackTeamCountry "DEN"]
[EventDate "2023.10.28"]
[EventType "team-tourn"]
[EventRounds "9"]
[EventCountry "DEN"]
[SourceTitle "Live v. Kasper Jerwiarz"]
[Table "5"]

1. e4 c5 2. Nf3 d6 3. d4 cxd4 4. Nxd4 Nf6 5. Nc3 a6 
6. h4 e5 7. Nb3 Be7 8. Bg5 Be6 9. Bxf6 Bxf6 10. g3 Be7 
11. Nd5 Nd7 12. Bh3 O-O 13. Qd2 Nb6 14. Nxb6 Qxb6 15. O-O-O a5 
16. Kb1 a4 17. Nc1 Rfc8 18. Bxe6 fxe6 19. Rhe1 Ra5 20. Nd3 Rb5 
21. Qe3 Qa5 22. Re2 Bf6 23. Qd2 Qb6 24. a3 d5 25. exd5 exd5 
26. Nb4 Rd8 27. c3 d4 28. cxd4 Be7 29. Qc3 Bxb4 30. axb4 Rxb4 
31. Rxe5 a3 32. Qxa3 Qg6+ 33. Ka1 b5 34. Qxb4 Ra8+ 35. Qa3 Rxa3+ 
36. bxa3 Qc2 37. Rb1 Qc3+ 38. Ka2 Qc2+ 39. Rb2 Qc4+ 40. Rb3 Qc2+ 
41. Rb2 Qc4+ 42. Kb1 Qf1+ 43. Ka2 Qc4+ 44. Kb1 1/2-1/2

[Event "Skakligaen 2023-24"]
[Site "Denmark"]
[Date "2024.04.07"]
[Round "9.6"]
[Board "6"]
[White "Pedersen, Nicolai Vesterbaek"]
[Black "Wilbrandt, Simon Pil"]
[Result "1-0"]
[WhiteElo "2344"]
[BlackElo "2124"]
[PlyCount "71"]
[WhiteTeam "Skanderborg"]
[BlackTeam "Frem"]
[WhiteTeamCountry "DEN"]
[BlackTeamCountry "DEN"]
[EventDate "2023.10.28"]
[EventType "team-tourn"]
[EventRounds "9"]
[EventCountry "DEN"]
[SourceTitle "Live v. Kasper Jerwiarz"]
[Table "6"]

1. c4 Nf6 2. Nc3 c5 3. Nf3 Nc6 4. e3 e6 5. d4 cxd4 
6. exd4 d5 7. Bd3 Be7 8. O-O O-O 9. Re1 Nb4 10. cxd5 Nbxd5 
11. Ne5 b6 12. Nc6 Qc7 13. Nxe7+ Qxe7 14. Nxd5 Nxd5 15. Qh5 f5 
16. Bd2 Qd6 17. Bc4 Bb7 18. Re5 Rae8 19. Rae1 Rf7 20. Qe2 Rf6 
21. Bg5 Rg6 22. h4 h6 23. Qh5 Kh7 24. g3 a6 25. Qe2 b5 
26. Bb3 hxg5 27. Qh5+ Rh6 28. Qxe8 Nc7 29. Qb8 Qc6 30. d5 exd5 
31. hxg5 Re6 32. Rxe6 Nxe6 33. Qe5 d4 34. Qxf5+ g6 35. Qh3+ Kg7 
36. Qh6+ 1-0

[Event "Skakligaen 2023-24"]
[Site "Denmark"]
[Date "2024.04.07"]
[Round "9.7"]
[Board "7"]
[White "Jensen, Tobias Ilsoe"]
[Black "Boe, Mads"]
[Result "0-1"]
[WhiteElo "2171"]
[BlackElo "2288"]
[PlyCount "76"]
[WhiteTeam "Frem"]
[BlackTeam "Skanderborg"]
[WhiteTeamCountry "DEN"]
[BlackTeamCountry "DEN"]
[EventDate "2023.10.28"]
[EventType "team-tourn"]
[EventRounds "9"]
[EventCountry "DEN"]
[SourceTitle "Live v. Kasper Jerwiarz"]
[Table "7"]

1. d4 e6 2. c4 f5 3. g3 Nf6 4. Bg2 Be7 5. Nc3 d6 
6. Nf3 O-O 7. O-O Qe8 8. Qc2 Qh5 9. b3 Nc6 10. Bb2 Bd7 
11. Rad1 Nd8 12. Rfe1 a6 13. a4 Rb8 14. Ba3 Nf7 15. e4 fxe4 
16. Nxe4 Nxe4 17. Qxe4 d5 18. cxd5 Bxa3 19. dxe6 Nd6 20. Qd3 Bc6 
21. d5 Be8 22. Ne5 Bc5 23. Bf3 Qf5 24. Qc3 Bb6 25. Kg2 a5 
26. Rd2 Qf6 27. Qc2 Qe7 28. h4 Rf6 29. h5 Rd8 30. Qc3 Nf5 
31. Ng4 Rf8 32. Ne5 Bc5 33. Nd3 Bd6 34. Qxa5 Qg5 35. Ne5 Nh4+ 
36. Kf1 Nxf3 37. Nxf3 Rxf3 38. e7 Rc8 0-1

[Event "Skakligaen 2023-24"]
[Site "Denmark"]
[Date "2024.04.07"]
[Round "9.8"]
[Board "8"]
[White "Brondt, Nicolai Kvist"]
[Black "Jensen, Michael Agermose"]
[Result "1-0"]
[WhiteElo "2246"]
[BlackElo "2009"]
[PlyCount "81"]
[WhiteTeam "Skanderborg"]
[BlackTeam "Frem"]
[WhiteTeamCountry "DEN"]
[BlackTeamCountry "DEN"]
[EventDate "2023.10.28"]
[EventType "team-tourn"]
[EventRounds "9"]
[EventCountry "DEN"]
[SourceTitle "Live v. Kasper Jerwiarz"]
[Table "8"]

1. c4 g6 2. g3 Bg7 3. Bg2 e5 4. Nc3 Nc6 5. e3 d6 
6. Nge2 h5 7. h4 Nge7 8. Rb1 Be6 9. Nd5 Qd7 10. b4 O-O 
11. b5 Nd8 12. d3 Nf5 13. a4 c6 14. bxc6 bxc6 15. Ndc3 Nb7 
16. Ba3 Rab8 17. Ne4 Rfd8 18. O-O d5 19. cxd5 cxd5 20. Ng5 Nbd6 
21. Qc2 Rbc8 22. Qb3 d4 23. Nxe6 Qxe6 24. Qxe6 fxe6 25. e4 Ne7 
26. Bh3 Rc2 27. Bxe6+ Kh7 28. Rb2 Rxb2 29. Bxb2 Nc6 30. Ba3 Bh6 
31. Rb1 Bd2 32. Bd5 Na5 33. Bxd6 Rxd6 34. f4 exf4 35. Nxf4 Nc6 
36. Rb7+ Kh8 37. Bxc6 Rxc6 38. e5 Rc2 39. Nxg6+ Kg8 40. Kg2 Be1+ 
41. Kf3 1-0

[Event "Skakligaen 2023-24"]
[Site "Denmark"]
[Date "2024.04.07"]
[Round "9.1"]
[Board "1"]
[White "Rozentalis, Eduardas"]
[Black "Ochsner, Bjorn Moller"]
[Result "1-0"]
[WhiteElo "2469"]
[BlackElo "2515"]
[PlyCount "151"]
[WhiteTeam "Koge"]
[BlackTeam "AarhusSkolerne"]
[WhiteTeamCountry "DEN"]
[BlackTeamCountry "DEN"]
[EventDate "2023.10.28"]
[EventType "team-tourn"]
[EventRounds "9"]
[EventCountry "DEN"]
[SourceTitle "Live v. Kasper Jerwiarz"]
[Table "1"]

1. e4 c5 2. Nf3 d6 3. Bb5+ Bd7 4. Bxd7+ Nxd7 5. O-O Ngf6 
6. Qe2 e6 7. c3 Be7 8. d4 O-O 9. Rd1 cxd4 10. cxd4 Rc8 
11. Nc3 Nb6 12. Bf4 a6 13. h3 Re8 14. Rac1 d5 15. e5 Nfd7 
16. b3 Ba3 17. Rc2 Bb4 18. Rd3 Rc6 19. Nd1 Rxc2 20. Qxc2 Qc8 
21. Qe2 Nf8 22. h4 Qc6 23. h5 Rc8 24. Ne3 Ba3 25. Rd1 Qb5 
26. Qxb5 axb5 27. h6 Ng6 28. Bg5 Nd7 29. hxg7 Kxg7 30. Ng4 Be7 
31. Bh6+ Kg8 32. g3 Rc2 33. Kg2 Bf8 34. Rc1 Rxc1 35. Bxc1 h5 
36. Ne3 Bh6 37. Ba3 f6 38. exf6 Nxf6 39. Nc2 Ne4 40. Bb4 Bg7 
41. Na3 h4 42. Nxb5 hxg3 43. fxg3 e5 44. a4 exd4 45. Nbxd4 Kf7 
46. Nf5 Bf6 47. Nd6+ Nxd6 48. Bxd6 Ke6 49. Bc5 Kf5 50. b4 Ke4 
51. b5 Bc3 52. Bb6 Ne7 53. a5 Nc8 54. Bd8 d4 55. a6 bxa6 
56. bxa6 d3 57. Bg5 Bb4 58. g4 Na7 59. Nd2+ Kd4 60. Kf3 Kc3 
61. Ne4+ Kc2 62. Be3 Nb5 63. a7 Nxa7 64. Bxa7 d2 65. Nf2 d1=Q+ 
66. Nxd1 Kxd1 67. g5 Kd2 68. g6 Bf8 69. Ke4 Kc3 70. Bd4+ Kc4 
71. Bb2 Bh6 72. Kf5 Kd5 73. Kf6 Ke4 74. Kf7 Kf5 75. Bc1 Bf8 
76. Bd2 1-0

[Event "Skakligaen 2023-24"]
[Site "Denmark"]
[Date "2024.04.07"]
[Round "9.2"]
[Board "2"]
[White "Sorensen, Jan"]
[Black "Brunello, Sabino"]
[Result "1/2-1/2"]
[WhiteElo "2366"]
[BlackElo "2515"]
[PlyCount "82"]
[WhiteTeam "AarhusSkolerne"]
[BlackTeam "Koge"]
[WhiteTeamCountry "DEN"]
[BlackTeamCountry "DEN"]
[EventDate "2023.10.28"]
[EventType "team-tourn"]
[EventRounds "9"]
[EventCountry "DEN"]
[SourceTitle "Live v. Kasper Jerwiarz"]
[Table "2"]

1. e4 c5 2. Nf3 e6 3. b3 Nf6 4. e5 Nd5 5. Bb2 d6 
6. g3 Be7 7. Bg2 O-O 8. exd6 Qxd6 9. O-O Nc6 10. Na3 Rd8 
11. Qe2 Bf6 12. Bxf6 Nxf6 13. Nc4 Qc7 14. Nce5 Bd7 15. Rfe1 Rac8 
16. Nxc6 Bxc6 17. d3 b5 18. a4 bxa4 19. bxa4 c4 20. dxc4 Bxf3 
21. Qxf3 Qxc4 22. Rec1 a5 23. Bf1 Qe4 24. Ra3 Qxf3 25. Rxf3 Ne4 
26. Rb3 Nc3 27. Ra1 g6 28. Rb7 Rc5 29. Ra3 Kg7 30. h4 h6 
31. Bd3 g5 32. hxg5 hxg5 33. Ra7 g4 34. Rb3 Nxa4 35. Rbb7 Rf8 
36. Rb5 Rxb5 37. Bxb5 Nc3 38. Rxa5 Nxb5 39. Rxb5 Rc8 40. Rg5+ Kf6 
41. Rxg4 Rxc2 1/2-1/2

[Event "Skakligaen 2023-24"]
[Site "Denmark"]
[Date "2024.04.07"]
[Round "9.3"]
[Board "3"]
[White "Pantzar, Milton"]
[Black "Skytte, Rasmus"]
[Result "1-0"]
[WhiteElo "2471"]
[BlackElo "2345"]
[PlyCount "109"]
[WhiteTeam "Koge"]
[BlackTeam "AarhusSkolerne"]
[WhiteTeamCountry "DEN"]
[BlackTeamCountry "DEN"]
[EventDate "2023.10.28"]
[EventType "team-tourn"]
[EventRounds "9"]
[EventCountry "DEN"]
[SourceTitle "Live v. Kasper Jerwiarz"]
[Table "3"]

1. d4 Nf6 2. Nf3 c5 3. d5 d6 4. Nc3 Qa5 5. Nd2 b5 
6. e4 b4 7. Ne2 Ba6 8. Ng3 h5 9. Bc4 h4 10. Nf5 g6 
11. Ne3 Bg7 12. O-O Nfd7 13. a3 Bxc4 14. Ndxc4 Qb5 15. Qg4 Na6 
16. a4 Qb8 17. Bd2 Qc8 18. h3 Nf6 19. Qf3 Nb8 20. e5 dxe5 
21. Nxe5 O-O 22. Rfe1 a5 23. Rad1 Ra6 24. N3c4 Nh7 25. Ng4 Re8 
26. Bf4 Nd7 27. Qd3 Nhf6 28. Qf3 Nxg4 29. Qxg4 Bf6 30. d6 e6 
31. Bg5 Bxg5 32. Qxg5 Qd8 33. Qf4 Qf6 34. Qe4 Rb8 35. Rd3 Kg7 
36. Red1 Qg5 37. b3 Nf6 38. Qf3 Nd5 39. Rxd5 exd5 40. Rxd5 Qc1+ 
41. Kh2 Qxc2 42. Rxc5 Rxd6 43. Nxd6 Qxc5 44. Qxf7+ Kh6 45. Qf6 Rg8 
46. Qxh4+ Qh5 47. Qf4+ Kg7 48. Qd4+ Kh6 49. Qf4+ Kg7 50. Qf7+ Kh8 
51. Qf6+ Kh7 52. Ne4 Rg7 53. Ng5+ Kh6 54. Ne6 Rg8 55. g4 1-0